00366nam a2200157Ia 4500008004100000041000800041082002200049100001800071245003000089260004200119300000800161365000700169500000700176520000800183650001700191230516s9999 xx 000 0 und d aeng a612.015bLEH /COX aLEHNIGER, COX aPRINCIPLE OF BIOCHEMISTRY bC.B.S. PUBLISHERS & DISTRUTORS c1993 a984 h20 aHB aBCP aBIOCHEMISTRY